| 000 | 00550nam a2200217Ia 4500 | ||
|---|---|---|---|
| 003 | 0100 | ||
| 008 | 130303s9999 xx 000 0 und d | ||
| 020 | _a0415206189 | ||
| 040 | _cARRUPELIB | ||
| 050 | _aBL53.R437 2001 | ||
| 245 | _aReligion and psychology | ||
| 245 | _bmapping the terrain , contemporary dialogues, future prospects | ||
| 260 | _aNew York | ||
| 260 | _bRoutledge | ||
| 260 | _C2001 | ||
| 300 | _a340p. | ||
| 300 | _b 24 cm | ||
| 650 | _aRELIGION | ||
| 700 | _aJonte-Pace, Diane E ; Parsons, William B | ||
| 942 | 0 | 0 | _02 |
| 999 |
_c13755 _d13755 |
||